000 00326nam a2200133Ia 4500
008 240112s1985 JAN-OCT xx 000 0 und d
041 _aeng
082 _a615.103
100 _aJAFFE E.
245 _aSEMINARS IN HEMATOLOGY
260 _bSEMINARS IN HEMAT.
_c1985 JAN-OCT
300 _a325,HB
_c(1-4)
440 _v22
999 _c1142411
_d1142411